Statistics for Click the U.S. Interstate

Click here to take the quiz!

General Stats

  • This quiz has been taken 28 times
  • The average score is 11 of 15

Answer Stats

HintAnswer% Correct
Santa Monica, CA to Jacksonville, FLI-10
90%
San Diego, CA, to Sweetgrass, MT (Canadian Border)I-15
86%
Tampa, FL, to Daytona Beach, FLI-4
86%
Seattle, WA, to Boston, MAI-90
86%
Morgantown, WV, to Hancock, MDI-68
76%
Miami Lakes, FL, to Sault Ste. Marie, MI (Canadian Border)I-75
76%
Montgomery AL, to Petersburg, VAI-85
76%
Lockwood, MT, to Port Huron, MI (Canadian Border)I-94
76%
Fort Worth, TX, to Little Rock, ARI-30
71%
Normal, IL, to Wausau, WII-39
71%
Bedford, PA, to Painted Post, NYI-99
67%
Bow, NH, to Highgate, VT (Canadian Border)I-89
62%
Pulley's Mill, IL, to Chattanooga, TNI-24
57%
Galveston, TX, to Dallas, TXI-45
52%
Slidell, LA, to Wildwood, GAI-59
52%

Score Distribution

Percentile by Number Answered

Percent of People with Each Score

Your Score History

You have not taken this quiz